banner koha

Efeito do biochar de resíduo do fruto do cafeeiro na sorção de atrazina no solo (Registro n. 331168)

MARC details
000 -LÍDER
fixed length control field 04885nab a2200373 i 4500
003 - CÓDIGO MARC DA AGÊNCIA CATALOGADORA
Campo de controle BR-BrBNA
005 - DATA E HORA DA ÚLTIMA ATUALIZAÇÃO
Campo de controle 20250423125409.0
008 - CAMPO DE TAMANHO FIXO
fixed length control field 250423b2020 bl.ar|pooa||| 00| 0 por |
040 ## - FONTE DA CATALOGAÇÃO
Agência catalogadora BR-BrBNA
Idioma da catalogação por
072 ## - CATEGORIA AGRIS
Código AGRIS T01
Código do objeto 3876
072 ## - CATEGORIA AGRIS
Código AGRIS P36
Código do objeto 2120
100 ## - ENTRADA PRINCIPAL - NOME PESSOAL
Nome pessoal Silva, Luís Fernando Vieira da
100 ## - ENTRADA PRINCIPAL - NOME PESSOAL
Nome pessoal Pinto, Antônio Alves
100 ## - ENTRADA PRINCIPAL - NOME PESSOAL
Nome pessoal Mendonça, João Carlos Ferreira
100 ## - ENTRADA PRINCIPAL - NOME PESSOAL
Nome pessoal Prado, Jair Rocha do
100 ## - ENTRADA PRINCIPAL - NOME PESSOAL
Nome pessoal Melo, Edmar Isaias de
100 ## - ENTRADA PRINCIPAL - NOME PESSOAL
Nome pessoal Paula, Gustavo Henrique de
100 ## - ENTRADA PRINCIPAL - NOME PESSOAL
Nome pessoal Santos Júnior, Pedro Joel dos
245 ## - TÍTULO PRINCIPAL
Título principal Efeito do biochar de resíduo do fruto do cafeeiro na sorção de atrazina no solo
500 ## - NOTA GERAL
Nota geral <br/><br/>Publicação online; 37 ref.; 5 illus.; 4 tables; Summaries (En, Pt)
942 ## - ADDED ENTRY ELEMENTS (KOHA)
Koha item type Analítica
520 ## - NOTA DE RESUMO
Nota de conteúdo <br/><br/><br/>Resumo: A retenção e mobilidade dos herbicidas no solo são governados pelos processos de adsorção e dessorção, cuja presença de biochar é capaz de aumentar a adsortividade de herbicidas no solo. Este trabalho objetivou avaliar o potencial de sorção do biochar produzido a partir do resíduo do beneficiamento do fruto do cafeeiro em função das doses de atrazina. O experimento foi conduzido em casa de vegetação da Universidade Federal de Uberlândia. O delineamento experimental aplicado foi inteiramente casualizado, em esquema fatorial 4× 8, totalizando 32 tratamentos, com três repetições cada. Os fatores avaliados foram quatro concentrações de biochar, aplicados na superfície do substrato e oito concentrações de herbicida atrazina. O potencial de sorção do biochar pelo herbicida atrazina foi avaliado pela técnica de bioensaio, utilizando o pepino da cultivar Safira (Cucumis sativusL.) como planta bioindicadora. Aos 28 dias da instalação do experimento, foram avaliados o comprimento da parte aérea (CPA) e o teor relativo de clorofila(CL).A aplicação de atrazina em solo com biochar na concentração de 1,8 % m m-1 proporcionaram maior sorção(1,4 e 2,2) em relação ao solo sem adição de biochar, conforme redução de 50% de CL e CPA, respectivamente. Os resultados do bioensaio, demonstram a redução da disponibilidade de atrazina no solo, e consequentemente, menor absorção do herbicida pelas plantas, indicando que o biochar produzido a partir do resíduo de beneficiamento do fruto do cafeeiro apresenta potencial de ser aplicado na sorção de atrazina no solo.<br/><br/><br/>Palavras-chave: Pirólise, Retenção de herbicida, Resíduo lignocelulósico
520 ## - NOTA DE RESUMO
Nota de conteúdo <br/><br/><br/>Abstract: The retention and mobility of herbicides in the soil are governed by the adsorption and desorption processes, whose presence of biochar is capable of increasing the adsorption of herbicides in the soil. This work aims to evaluate the sorption potential of the biochar produced from the residue of the coffee fruit processing as a function of the doses of atrazine. The experiment was conducted in a greenhouse by the Federal University of Uberlândia. The experimental design applied was randomized, in a 4 × 8 factorial scheme, totaling 32 sessions, with three repetitions each. The reduction factors were four applied to biochar, application to the substrate surface and eight effects of atrazine herbicide. The sorption potential of the biochar by the herbicide atrazine was evaluated by the bioassay technique, using the cucumber from the cultivar Safira (Cucumis sativusL.) as a plant bioindicator. At 28 days after installation of the experiment, the shoot length (CPA) and the relative chlorophyll content (CL) were applied. The application of attractiveness in soil with biochar, with a concentration of 1,8% m-1, provided greater sorption (1,4 and 2,2) in relation to the soil without the addition of biochar, 50% reduction in CL and CPA, respectively. The results of thebioassay, demonstrate a reduction in the availability of attractions in the soil and, consequently, less absorption of herbicides by the plants, indicate that the biochar produced from the coffee processing residue in the coffee has the potential to be used in the attractiveness in the only. <br/><br/><br/>Keywords: Pyrolysis, Herbicide retention, Lignocellulosic residue
650 ## - ASSUNTO - THESAGRO
Cabeçalho tópico ou nome geográfico HERBICIDA
650 ## - ASSUNTO - THESAGRO
Cabeçalho tópico ou nome geográfico ATRAZINA
650 ## - ASSUNTO - THESAGRO
Cabeçalho tópico ou nome geográfico CONTAMINAÇÃO
650 ## - ASSUNTO - THESAGRO
Cabeçalho tópico ou nome geográfico IMPACTO AMBIENTAL
650 ## - ASSUNTO - THESAGRO
Cabeçalho tópico ou nome geográfico CAFÉ
650 ## - ASSUNTO - THESAGRO
Cabeçalho tópico ou nome geográfico RESÍDUO
650 ## - ASSUNTO - THESAGRO
Cabeçalho tópico ou nome geográfico RECUPERAÇÃO DO SOLO
773 0# - ENTRADA ANALÍTICA
Host Biblionumber 3583
Registro do item 349996
Imprenta Cruz das Almas-BA Universidade Federal da Bahia - Escola de Agronômia 1983
Outro identificador 2025-2518
Título Magistra (Brazil)
ISSN 0102-5333
Colação v. 31 p. 543-553; (2020)
Número de controle de registro BR2025000784
856 ## - ACESSO E ENDEREÇO ELETRÔNICO
Identificador uniforme de recurso - URI https://periodicos.ufrb.edu.br/index.php/magistra/article/view/4362/2225

Nenhum exemplar disponível.

BINAGRI

Telefone: (61)3218-2567/2388/3357/2097 - binagri@agro.gov.br

Ministério da Agricultura e Pecuária , Esplanada dos Ministérios, Bloco D, Anexo B, Brasília/DF, CEP: 70.043-900